Soledad y el incendiario /
Guardado en:
| Autor Principal: | |
|---|---|
| Formato: | Libro |
| Publicado: |
Buenos Aires :
Abril,
1982
|
| Series: | Los libros de Claudia
|
| Materias: | |
| Etiquetas: |
Agregar Etiqueta
Sin Etiquetas, Sea el primero en etiquetar este registro!
|
| LEADER | 00658nam a22002175a 4500 | ||
|---|---|---|---|
| 001 | CEM.cems016978 | ||
| 005 | 20110928094804.0 | ||
| 008 | 130507s1982##################000#0#####d | ||
| 003 | CEMS | ||
| 082 | 0 | 4 | |a A862.4 |
| 100 | 1 | |a Guido, Beatriz | |
| 245 | 1 | 0 | |a Soledad y el incendiario / |c Beatriz Guido |
| 260 | |a Buenos Aires : |b Abril, |c 1982 | ||
| 300 | |a 94 p. | ||
| 490 | 0 | |a Los libros de Claudia | |
| 505 | 0 | |a Mi nombre es Marco -- Mi nombre es Soledad -- Simplemente dormida | |
| 653 | |a Literatura | ||
| 653 | |a Literatura argentina | ||
| 653 | |a Teatro | ||
| 653 | |a Teatro argentino | ||
| 859 | |a CEMS |b BIB. CEMS - Agricultura |h A862.4 |i G942 |p A0192.00 |t Ej.1 |v 1 |3 Vol. 1 | ||
